Aspectos escenciales de la legítima defensa (Registro nro. 2206)
[ vista simple ]
| 000 -Cabecera | |
|---|---|
| Campo de control de longitud fija | 01067aam a2200385 4500 |
| 005 - Fecha y hora de la última transacción | |
| Campo de control | 20250819164407.0 |
| 008 - Elementos de longitud fija--Información general | |
| Campo de control de longitud fija | 150522b xxu||||| |||| 00| 0 spa d |
| 020 ## - International Standard Book Number | |
| Número Internacional Estándar del Libro (ISBN) | 9789974578203 |
| 041 ## - Idioma | |
| Código de idioma | Español |
| 082 ## - Clasificación Decimal Dewey | |
| Número de clasificación | 345.04 L979a2 |
| 100 ## - Entrada principal--Autor personal | |
| Nombre personal | Luzon Peña,Diego Manuel |
| 9 (RLIN) | 19058 |
| 245 ## - Título propiamente dicho | |
| Título | Aspectos escenciales de la legítima defensa |
| 250 ## - Edición | |
| Mención de edición | 2 edición |
| 260 ## - Pie de imprenta | |
| Lugar de publicación, distribución, etc. | Argentina |
| 260 ## - Pie de imprenta | |
| Nombre del editor, distribuidor, etc. | B de F Ltda. |
| 260 ## - Pie de imprenta | |
| Fecha de publicación, distribución, etc. | 2002 |
| 300 ## - Descripción física | |
| Extensión | 655 páginas |
| 490 ## - Serie | |
| Título de la Serie | Investigación Criminal |
| 650 ## - Materia general | |
| Temática (materia general) | LEGITIMA DEFENSA |
| 650 ## - Materia general | |
| Temática (materia general) | LICITUD DE LA DEFENSA |
| 650 ## - Materia general | |
| Temática (materia general) | PERTURBACIÓN DE ANIMO |
| 650 ## - Materia general | |
| Temática (materia general) | PROTECCIÓN ESTATAL |
| 650 ## - Materia general | |
| Temática (materia general) | INSTINTO DE CONSERVACIÓN |
| 650 ## - Materia general | |
| Temática (materia general) | DERECHO DE DEFENSA |
| 650 ## - Materia general | |
| Temática (materia general) | AGRESIÓN ILEGITIMA |
| 650 ## - Materia general | |
| Temática (materia general) | AGRESIÓN ANTIJURIDICA |
| 650 ## - Materia general | |
| Temática (materia general) | AGRESIÓN JUSTIFICADA |
| 650 ## - Materia general | |
| Temática (materia general) | AGRESIÓN DE LA AUTORIDAD |
| 650 ## - Materia general | |
| Temática (materia general) | AGRESIÓN DELITIVO |
| 650 ## - Materia general | |
| Temática (materia general) | BIENES DEFENDIBLES |
| 650 ## - Materia general | |
| Temática (materia general) | MEDIO DEFENSIVO |
| 650 ## - Materia general | |
| Temática (materia general) | RESTRICCIONES DE LA DEFENSA |
| 650 ## - Materia general | |
| Temática (materia general) | RIÑA |
| 942 ## - Punto de acceso adicional KOHA | |
| Tipo de ítem KOHA | Libro |
| Fuente del sistema de clasificación o colocación | Dewey Decimal Classification |
| Signatura completa | Código de barras | Programa Académico | Tipo de ítem |
|---|---|---|---|
| 345.04 L979a | 14981 | Investigación Criminal | Libro |